| 000 | 00716cam a22002651 4500 | ||
|---|---|---|---|
| 001 | sa 68005300 | ||
| 003 | DLC | ||
| 005 | 20260227112507.0 | ||
| 008 | 890821s1966 ii b 000 0 hino | ||
| 010 | _asa 68005300 | ||
| 035 | _a(OCoLC)20227876 | ||
| 040 |
_aDLC _cWaU _dDLC |
||
| 042 | _apremarc | ||
| 043 | _aa-ii--- | ||
| 050 | 0 | 0 |
_aPK2919 _b.D4 |
| 100 | 1 |
_aDevaraja, N. K. _q(Nand Kishore), _d1917- |
|
| 245 | 1 | 0 | _aBhāratīya saṃskr̥ti. |
| 260 | _c[1966] | ||
| 300 |
_a39, 250 p. _c19 cm. |
||
| 500 | _aIn Hindi. | ||
| 504 | _aBibliographical footnotes. | ||
| 650 | 0 |
_aSanskrit poetry _xHistory and criticism. |
|
| 650 | 0 |
_aHindi poetry _xHistory and criticism. |
|
| 651 | 0 |
_aIndia _xCivilization. |
|
| 999 |
_c80638 _d80638 |
||